| 000 | 00835nab a2200217 i 4500 | ||
|---|---|---|---|
| 001 | 768714001 | ||
| 003 | CO-MdFUSB | ||
| 005 | 20240814110424.0 | ||
| 008 | 240814t1923 cr ||||| |||| 00| 0 eng d | ||
| 040 |
_bspa _cCO-MdFUSB _dCO-MdFUSB |
||
| 041 | _aeng | ||
| 245 | 4 | _aThe things that are not | |
| 520 | _aEsta edición recuerda lo siguiente: Dios verdaderamente concede mayores atributos al sacrificio, es decir da recompensas y bendiciones en abundancia por toda buena acción. | ||
| 546 | _aTexto en inglés. | ||
| 650 | 0 |
_aPredicación _954 |
|
| 650 | 0 |
_aMisiones _9154 |
|
| 650 | 0 |
_aEvangelización _9362 |
|
| 773 | 0 |
_070761 _982969 _oR2742.0. _tLatin America Mission _w(CO-MdFUSB)768714001 _gVolumen 3, (número 4 - 5, 1924), páginas: 3 - 5 _qpágina: 3 |
|
| 942 | _cANA | ||
| 945 | _aCatherine Arias Álvarez - Practicante SENA | ||
| 999 |
_c70817 _d70817 |
||